000 00860nam a2200229 a 4500
999 _c10807
_d10807
001 10807
003 BD-JhCC
005 20190409091715.0
008 190409s1996 bg |||| |||| 000 0 ben d
035 _a(BD-JhCC)10807
040 _aBD-JhCC
_dBD-JhCC
041 _aeng
082 _a954.923
_bPAI 1996
100 _aপেইন, রাবর্ট
245 _aপাকিস্তানের কারগারে বঙ্গবন্ধু /
_cরাবর্ট পেইন এবং অনু. ওবায়দুল কাদের
260 _aঢাকা :
_bশিখা প্রকাশনী,
_c১৯৯৬
300 _a১১২ ‍পৃ. :
_c১৯ সেমি.
600 _aশেখ মুজিবুর রহমান
650 _aBiography
700 _aকাদের, ওবায়দুল
942 _2ddc
_cBK